000
00278nam a22001337a 4500
003
SGT
020
_a
9781032266473
082
_a
741.3
_b
HOO
100
_a
HOOKS ED
245
_a
ACTING FOR ANIMATORS
260
_a
UK
_b
ROUTLEDGE PUB
_c
2023
300
_a
229
942
_2
ddc
_c
BK
999
_c
34683
_d
34683